| 000 | 00778nam a22002297a 4500 | ||
|---|---|---|---|
| 999 |
_c65028 _d65028 |
||
| 005 | 20240530110803.0 | ||
| 008 | 190115s2017 ua a g 000 0 ara d | ||
| 017 |
_a10354 _bمصر. دار الكتب |
||
| 020 | _a9789776169883 | ||
| 040 |
_aEG-CaGPL _cEG-CaGPL |
||
| 082 | 0 | 4 |
_221 _a953.071 / _bأ ل |
| 100 | 0 | _aاسامة عبدالرحمن | |
| 245 | 1 | 0 |
_aلمحات من تاريخ الاندلس / _cاعداد اسامة عبدالرحمن |
| 250 | _aط.1 | ||
| 260 |
_aالقاهرة : _c2018. |
||
| 300 |
_a160 ص. : _bايض ؛ _c24 سم. |
||
| 504 | _aيشتمل على ارجاعات ببليوجرافية | ||
| 650 | 0 | 7 |
_2qrmak _aالاندلس |
| 651 | 0 | 7 |
_2qrmak _aالاندلس _xتاريخ |
| 942 |
_2ddc _cBK |
||